| 000 | 00619nam a22002297a 4500 | ||
|---|---|---|---|
| 003 | OSt | ||
| 008 | 251021b |||||||| |||| 00| 0 eng d | ||
| 020 | _a9788120417861 | ||
| 082 |
_a338.1 _bR31A |
||
| 245 |
_aAgricultural Economics / _cby S. Subba Reddy...[et. al.] |
||
| 250 | _a2nd ed. reprint | ||
| 260 |
_a.- New Delhi _b: CBS Publishers _c, 2025 |
||
| 300 | _axxii,697p. | ||
| 650 | _aSocial Sciences | ||
| 650 | _aEconomics | ||
| 650 | _aAgriculture | ||
| 700 | _aReddy, S. Subba. | ||
| 700 | _aRam, P. Raghu. | ||
| 700 | _aSastry, TV Neelakanta. | ||
| 700 | _aDevi, I. Bhavani. | ||
| 942 |
_2ddc _cBK _05 |
||
| 999 |
_c49115 _d49115 |
||